| 000 | 01056nam a2200265 i 4500 | ||
|---|---|---|---|
| 001 | bg | ||
| 245 | 0 |
_aWieś i rolnictwo w badaniach społeczno- ekonomicznych : _bksięga jubileuszowa IRWiR PAN lata 1971- 1996 / _cPod red. naukową Mikołaja Kozakiewicza ; Polska Akademia Nauk Instytut Rozwoju Wsi i Rolnictwa. |
|
| 260 |
_aWarszawa : _bWydaw.IRWiR PAN, _c1996. |
||
| 300 |
_a296 s.,[1]k. tabl. : _bportr.,wykr. ; _c24 cm. |
||
| 490 | 1 | _aProblemy Rozwoju Wsi i Rolnictwa | |
| 500 | _aStreszczenie ang. s. 283- 296. | ||
| 504 | _aBibliogr. przy ref. | ||
| 650 | 9 |
_aRolnictwo _xpolityka _xzagadnienia _zPolska _yod 1989 r. |
|
| 650 | 9 |
_aWieś _xsocjologia _xzagadnienia _zPolska _yod 1989 r. |
|
| 700 | 1 |
_aKozakiewicz, Mikołaj. _eRed. |
|
| 710 |
_aPolska Akademia Nauk _bInstytut Rozwoju Wsi i Rolnictwa |
||
| 830 | _aProblemy Rozwoju Wsi i Rolnictwa | ||
| 020 | _a8385369341 | ||
| 040 | _cBPK | ||
| 041 | _apl | ||
| 080 | _a338.43:316.324.5](438)"1989/..." | ||
| 920 | _a83-85369-34-1 | ||
| 942 | _cKS | ||
| 008 | s pl f |000 0 pol | ||
| 999 |
_c25334 _d25334 |
||
| 856 |
_uhttp://koha.tu.koszalin.pl/cgi-bin/koha/opac-detail.pl?biblionumber=25334 _yKatalog online BPK |
||